Managerial Economics Applied Microeconomics for Decision Making

Salvato in:
Dettagli Bibliografici
Autore principale: Maurice, S. Charles
Altri autori: Smithson, Charles W.
Natura: Libro
Lingua:inglese
Pubblicazione: Homewood IRWIN 1988
Edizione:3. ed.
Tags: Aggiungi Tag
Nessun Tag, puoi essere il primo ad aggiungerne!!

MARC

LEADER 00000nam a2200000 4500
001 c029692
005 20221219120158.0
041 0 |a eng 
044 |a US 
245 1 0 |a Managerial Economics  |b Applied Microeconomics for Decision Making  |c S. Charles Maurice, Charles W. Smithson 
250 |a 3. ed. 
264 1 |a Homewood  |b IRWIN  |c 1988 
300 |a 662 s. 
100 1 |a Maurice, S. Charles 
700 1 |a Smithson, Charles W.